Foreign workers and law enforcement in Japan (Record no. 2425)

MARC details
000 -LEADER
fixed length control field 00470nam a2200169Ia 4500
020 ## - INTERNATIONAL STANDARD BOOK NUMBER
ISBN 0-7103-0555-9
082 ## - DEWEY DECIMAL CLASSIFICATION NUMBER
Classification number 305.562 HER-;
100 ## - MAIN ENTRY--AUTHOR NAME
Personal name Herbert, Wolfgang
245 #0 - TITLE STATEMENT
Title Foreign workers and law enforcement in Japan
260 ## - PUBLICATION, DISTRIBUTION, ETC. (IMPRINT)
Place of publication London
Name of publisher Kegan Paul International
Year of publication 1996
300 ## - PHYSICAL DESCRIPTION
Number of Pages 375p.
504 ## - BIBLIOGRAPHY, ETC. NOTE
Bibliography, etc Includes index
650 ## - SUBJECT ADDED ENTRY--TOPICAL TERM
Topical Term Alien labor - Social conditions - Japan
650 ## - SUBJECT ADDED ENTRY--TOPICAL TERM
Topical Term Illegal aliens - Japan
650 ## - SUBJECT ADDED ENTRY--TOPICAL TERM
Topical Term Law enforcement - Japan
942 ## - ADDED ENTRY ELEMENTS (KOHA)
Koha item type Books
Holdings
Withdrawn status Lost status Damaged status Not for loan Home library Current library Date acquired Bill Date Full call number Accession Number Price effective from Koha item type
        NASSDOC Library NASSDOC Library 08/06/2004 2004-10-05 305.562 HER-; 37364 18/04/2019 Books